000 00445cam a2200181ua 4500
020 _c5.00
041 _amal
_h
082 _a894.812 09
_bNAR/KA
100 _aNarendranath, Konniyoor .
245 _aKannimannu /
_cKonniyoor Narendranath.
_hTextual Documents
250 _a1 /
_b.
260 _aKottayam :
_bNational Book Stall ,
_c1961.
300 _a184 ; .
365 _a5.00
504 _a
942 _cBK
999 _c6623
_d6623